Etické aspekty dôchodkovej reformy
Ekonomický, sociálny a etický rozmer dôchodkovej reformy na Slovensku. Opodstatnenosť verzus bezdôvodnosť dôchodkovej reformy. Prevádzka systému dôchodkového zabezpečenia zabezpečovaná štátom verzus súkromným sektorom. Spôsob financovania - priebežný verzus kapitalizačný systém financovania, ich poz...
Enregistré dans:
| Auteur principal: | |
|---|---|
| Autres auteurs: | |
| Format: | Chapitre de livre |
| Langue: | slovaque |
| Sujets: | |
| Tags: |
Pas de tags, Soyez le premier à ajouter un tag!
|
MARC
| LEADER | 00000naa$a2200000$$$4500 | ||
|---|---|---|---|
| 001 | 0047516 | ||
| 005 | 20220316084934.1 | ||
| 041 | 0 | |a slo | |
| 044 | |a SK | ||
| 245 | 1 | 0 | |a Etické aspekty dôchodkovej reformy |c Ján Vravec, Marianna Neupauerová |
| 520 | |a Ekonomický, sociálny a etický rozmer dôchodkovej reformy na Slovensku. Opodstatnenosť verzus bezdôvodnosť dôchodkovej reformy. Prevádzka systému dôchodkového zabezpečenia zabezpečovaná štátom verzus súkromným sektorom. Spôsob financovania - priebežný verzus kapitalizačný systém financovania, ich pozitíva a negatíva. | ||
| 610 | 2 | 0 | |a reformy dôchodkové |
| 610 | 2 | 0 | |a Slovensko |
| 610 | 2 | 0 | |a etika |
| 100 | 1 | |a Vravec, Ján | |
| 700 | 1 | |a Neupauerová, Marianna | |